[Event "Gibtelecom Masters 2nd"]
[Site "Gibraltar"]
[Date "2004.02.04"]
[Round "9.31"]
[White "Hagesaether, Arne"]
[Black "Meenakshi, Subbaraman"]
[Result "0-1"]
[WhiteElo "2058"]
[BlackElo "2328"]
[PlyCount "202"]
[EventDate "2004.01.27"]
[EventType "swiss"]
[EventRounds "10"]
[EventCountry "GGB"]
[SourceTitle "BritBase"]
[Source "www.saund.co.uk"]
[SourceDate "2018.02.10"]
[SourceVersion "1"]
[SourceVersionDate "2018.02.10"]
[SourceQuality "1"]

1. e4 g6 2. d4 Bg7 3. Nf3 d6 4. Be3 Nd7 5. Bd3 a6 6. h4 h5 7. Ng5 Nh6 8. e5 Nf8
9. exd6 cxd6 10. c3 Ne6 11. Qa4+ Qd7 12. Qb3 Nxg5 13. Bxg5 Qe6+ 14. Qxe6 Bxe6
15. Nd2 Nf5 16. Ne4 Kd7 17. g3 Rhc8 18. Rg1 Bc4 19. Ke2 Bxd3+ 20. Kxd3 b6 21.
Bd2 d5 22. Ng5 f6 23. Nh3 e5 24. Rac1 Bf8 25. Rge1 Bd6 26. a3 Re8 27. dxe5 fxe5
28. Rcd1 Bc5 29. Bg5 Kc6 30. Kc2 b5 31. Rd2 a5 32. Bf6 Bd6 33. Red1 Rf8 34. Bg5
d4 35. cxd4 Nxd4+ 36. Kb1 Bc5 37. Be3 b4 38. Rd3 bxa3 39. bxa3 Rfb8+ 40. Ka2
Rb5 41. Rb1 Rxb1 42. Kxb1 Rb8+ 43. Ka2 a4 44. Ng5 Kd5 45. Rc3 Rb6 46. f3 Rb5
47. Ne4 Nb3 48. Rd3+ Bd4 49. Rd1 Ke6 50. Bh6 Rb8 51. f4 Rc8 52. Kb1 Na5 53.
fxe5 Bxe5 54. Ng5+ Kf5 55. Rd5 Nc4 56. Bg7 Nxa3+ 57. Ka2 Nc4 58. Rb5 Rc7 59.
Bh8 Re7 60. Nf3 Re8 61. Bg7 Ke4 62. Ng5+ Ke3 63. Bxe5 Nxe5 64. Rb4 Nf3 65. Rb6
Ne5 66. Rf6 Rc8 67. Re6 Kd4 68. Rd6+ Kc4 69. Ra6 Rc6 70. Rxa4+ Kd3 71. Rf4 Ng4
72. Nf7 Ke2 73. Nh8 Ke3 74. Rf8 Rb6 75. Rg8 Ne5 76. Re8 Kd4 77. Rd8+ Ke4 78.
Rf8 Ng4 79. Rf4+ Ke3 80. Rf8 Nh6 81. Ka3 Ke4 82. Rf4+ Ke5 83. Ka4 Rf6 84. Rb4
Ra6+ 85. Kb5 Re6 86. Kc5 Kf6 87. Rb7 Nf5 88. Kd5 Re5+ 89. Kc6 Re6+ 90. Kd5 Re5+
91. Kc6 Re7 92. Rb4 Nh6 93. Rb8 Re6+ 94. Kd7 Re7+ 95. Kc6 Re6+ 96. Kd7 Re7+ 97.
Kc6 Nf5 98. Rb5 Re8 99. Nxg6 Kxg6 100. Ra5 Re3 101. Kd5 Re8 0-1

[Event "Gibtelecom Masters 2nd"]
[Site "Gibraltar"]
[Date "2004.02.04"]
[Round "9.32"]
[White "Roberts, Paul"]
[Black "Vea, Odin Blikra"]
[Result "1/2-1/2"]
[WhiteElo "2242"]
[BlackElo "2053"]
[PlyCount "101"]
[EventDate "2004.01.27"]
[EventType "swiss"]
[EventRounds "10"]
[EventCountry "GGB"]
[SourceTitle "BritBase"]
[Source "www.saund.co.uk"]
[SourceDate "2018.02.10"]
[SourceVersion "1"]
[SourceVersionDate "2018.02.10"]
[SourceQuality "1"]

1. g3 f5 2. Bg2 Nf6 3. c4 e5 4. Nc3 Nc6 5. d3 Bc5 6. e3 O-O 7. Nge2 d6 8. O-O
a6 9. d4 Bb6 10. Rb1 f4 11. d5 Ne7 12. exf4 Bf5 13. fxe5 dxe5 14. Ra1 Ng4 15.
Qb3 Bxf2+ 16. Kh1 Qe8 17. Nd1 Qh5 18. h4 Bc2 19. Qxc2 Bxg3 20. Ng1 Qxh4+ 21.
Nh3 Rxf1+ 22. Bxf1 Rf8 23. Qg2 h6 24. Be3 Nf5 25. Bc5 Rf6 26. Bd3 b6 27. Bxf5
Rxf5 28. Be7 g5 29. d6 cxd6 30. Qd5+ Kg7 31. Kg2 Be1 32. Qd3 e4 33. Qd4+ Ne5
34. Nhf2 e3 35. Qxh4 gxh4 36. Nh3 Nxc4 37. b3 e2 38. bxc4 Bd2 39. Ne3 Re5 40.
Bxh4 Bxe3 41. Ng1 Bd4 42. Re1 Bxg1 43. Rxg1 Ra5 44. Kf3+ Kf7 45. Kxe2 Rxa2+ 46.
Kd3 Ra3+ 47. Kd4 b5 48. cxb5 Ra4+ 49. Kd5 axb5 50. Bg3 b4 51. Bxd6 1/2-1/2

[Event "Gibtelecom Masters 2nd"]
[Site "Gibraltar"]
[Date "2004.02.04"]
[Round "9.35"]
[White "Rios Gonzalez, Jose Antonio"]
[Black "Bryn, Askild"]
[Result "1-0"]
[WhiteElo "1883"]
[BlackElo "1977"]
[PlyCount "45"]
[EventDate "2004.01.27"]
[EventType "swiss"]
[EventRounds "10"]
[EventCountry "GGB"]
[SourceTitle "BritBase"]
[Source "www.saund.co.uk"]
[SourceDate "2018.02.10"]
[SourceVersion "1"]
[SourceVersionDate "2018.02.10"]
[SourceQuality "1"]

1. e4 e5 2. Nf3 Nc6 3. Bb5 a6 4. Ba4 b5 5. Bb3 Bc5 6. c3 d6 7. h3 Nge7 8. d4
exd4 9. cxd4 Bb6 10. Ng5 d5 11. Be3 f6 12. exd5 Nxd5 13. Qh5+ g6 14. Qf3 Nce7
15. Nc3 c6 16. Nge4 Rf8 17. Bh6 Rf7 18. O-O-O Bf5 19. Rhe1 Bxe4 20. Qxe4 Qc7
21. Qe6 Rd8 22. Kb1 Qd7 23. Nxd5 1-0

[Event "Gibtelecom Masters 2nd"]
[Site "Gibraltar"]
[Date "2004.02.05"]
[Round "10.4"]
[White "Kunte, Abhijit"]
[Black "Epishin, Vladimir"]
[Result "1/2-1/2"]
[WhiteElo "2512"]
[BlackElo "2633"]
[PlyCount "48"]
[EventDate "2004.01.27"]
[EventType "swiss"]
[EventRounds "10"]
[EventCountry "GGB"]
[SourceTitle "BritBase"]
[Source "www.saund.co.uk"]
[SourceDate "2018.02.10"]
[SourceVersion "1"]
[SourceVersionDate "2018.02.10"]
[SourceQuality "1"]

1. d4 Nf6 2. c4 e6 3. g3 Bb4+ 4. Bd2 Be7 5. Bg2 d5 6. Nf3 O-O 7. O-O c6 8. Qb3
Nbd7 9. Bf4 a6 10. Nbd2 c5 11. dxc5 Nxc5 12. Qc2 Bd7 13. Rac1 Rc8 14. Rfd1 a5
15. Qb1 h6 16. Be5 Re8 17. Bd4 b5 18. cxd5 exd5 19. Ne5 Be6 20. Nb3 Nxb3 21.
axb3 Qd6 22. Qd3 Qa6 23. e3 Ne4 24. Bf1 Nd6 1/2-1/2

[Event "Gibtelecom Masters 2nd"]
[Site "Gibraltar"]
[Date "2004.02.05"]
[Round "10.5"]
[White "Sandipan, Chanda"]
[Black "Motwani, Paul"]
[Result "1/2-1/2"]
[WhiteElo "2522"]
[BlackElo "2537"]
[PlyCount "40"]
[EventDate "2004.01.27"]
[EventType "swiss"]
[EventRounds "10"]
[EventCountry "GGB"]
[SourceTitle "BritBase"]
[Source "www.saund.co.uk"]
[SourceDate "2018.02.10"]
[SourceVersion "1"]
[SourceVersionDate "2018.02.10"]
[SourceQuality "1"]

1. d4 d5 2. Nf3 Nf6 3. c4 e6 4. Nc3 Bb4 5. cxd5 exd5 6. Bg5 Nbd7 7. e3 c5 8.
Qc2 O-O 9. Bd3 h6 10. Bh4 c4 11. Bf5 Nb6 12. Bxc8 Rxc8 13. Bxf6 Qxf6 14. Ne5
Bd6 15. f4 Qe6 16. O-O f6 17. f5 Qe7 18. Ng6 Qxe3+ 19. Kh1 Rfe8 20. Rad1 Bb4
1/2-1/2

[Event "Gibtelecom Masters 2nd"]
[Site "Gibraltar"]
[Date "2004.02.05"]
[Round "10.6"]
[White "Barua, Dibyendu"]
[Black "Wells, Peter K"]
[Result "0-1"]
[WhiteElo "2549"]
[BlackElo "2493"]
[PlyCount "80"]
[EventDate "2004.01.27"]
[EventType "swiss"]
[EventRounds "10"]
[EventCountry "GGB"]
[SourceTitle "BritBase"]
[Source "www.saund.co.uk"]
[SourceDate "2018.02.10"]
[SourceVersion "1"]
[SourceVersionDate "2018.02.10"]
[SourceQuality "1"]

1. e4 c5 2. Nf3 Nc6 3. d4 cxd4 4. Nxd4 Nf6 5. Nc3 d6 6. Be2 g6 7. O-O Bg7 8.
Nb3 O-O 9. Re1 a6 10. Bf1 b5 11. a4 b4 12. Nd5 Nd7 13. a5 Rb8 14. Ra2 e6 15.
Ne3 Nf6 16. Nc4 d5 17. exd5 Nxd5 18. Qf3 Qc7 19. Qg3 e5 20. Ra1 f5 21. Bg5 h6
22. Rad1 hxg5 23. Rxd5 f4 24. Qxg5 Bf5 25. Rd6 Nd8 26. Rxg6 Ne6 27. Rxe6 Bxe6
28. Rxe5 Rbe8 29. Nbd2 Bf7 30. Ne4 Qd8 31. Rxe8 Rxe8 32. Ncd6 Qxg5 33. Nxg5 Re5
34. Ngxf7 Rxa5 35. b3 Bf8 36. h4 Ra1 37. g4 Rd1 38. f3 Bxd6 39. Nxd6 Rxd6 40.
Bd3 Rxd3 0-1

[Event "Gibtelecom Masters 2nd"]
[Site "Gibraltar"]
[Date "2004.02.05"]
[Round "10.8"]
[White "Muir, Andrew J"]
[Black "Kuzmin, Alexey"]
[Result "0-1"]
[WhiteElo "2303"]
[BlackElo "2570"]
[PlyCount "74"]
[EventDate "2004.01.27"]
[EventType "swiss"]
[EventRounds "10"]
[EventCountry "GGB"]
[SourceTitle "BritBase"]
[Source "www.saund.co.uk"]
[SourceDate "2018.02.10"]
[SourceVersion "1"]
[SourceVersionDate "2018.02.10"]
[SourceQuality "1"]

1. d4 Nf6 2. c4 g6 3. Nc3 Bg7 4. e4 d6 5. f3 O-O 6. Bg5 a6 7. Qd2 Nc6 8. Nge2
Rb8 9. Rc1 Bd7 10. b3 b5 11. d5 Ne5 12. f4 Neg4 13. Ng3 h6 14. Bh4 Nh7 15. h3
Ngf6 16. Bd3 e5 17. dxe6 Bxe6 18. cxb5 axb5 19. Nxb5 c5 20. O-O Nxe4 21. Nxe4
Qxh4 22. Nexd6 Rfd8 23. Qe2 Bxh3 24. Bxg6 Rxd6 25. Bxf7+ Kh8 26. Nxd6 Bd4+ 27.
Rf2 Bg4 28. Qc2 Qf6 29. Bg6 Qxd6 30. Bxh7 Qxf4 31. Rcf1 Rf8 32. Bd3 h5 33. a3
h4 34. Qb2 Rf6 35. b4 Qg3 36. Qd2 Bf3 37. Kh1 Qh3+ 0-1

[Event "Gibtelecom Masters 2nd"]
[Site "Gibraltar"]
[Date "2004.02.05"]
[Round "10.9"]
[White "Del Rio de Angelis, Salvador Gabriel"]
[Black "Hebden, Mark"]
[Result "1-0"]
[WhiteElo "2504"]
[BlackElo "2549"]
[PlyCount "111"]
[EventDate "2004.01.27"]
[EventType "swiss"]
[EventRounds "10"]
[EventCountry "GGB"]
[SourceTitle "BritBase"]
[Source "www.saund.co.uk"]
[SourceDate "2018.02.10"]
[SourceVersion "1"]
[SourceVersionDate "2018.02.10"]
[SourceQuality "1"]

1. e4 e5 2. Nf3 Nc6 3. Bb5 a6 4. Ba4 Nf6 5. O-O Be7 6. Re1 b5 7. Bb3 O-O 8. c3
d6 9. h3 Nb8 10. d4 Nbd7 11. Nbd2 Bb7 12. Bc2 Re8 13. Nf1 Bf8 14. Ng3 g6 15. b3
Bg7 16. d5 Nb6 17. Rb1 c6 18. c4 Qc7 19. Bd3 Nfd7 20. Be3 Nc5 21. Bf1 cxd5 22.
cxd5 Rec8 23. Qd2 Nbd7 24. Bh6 Qd8 25. a4 Bxh6 26. Qxh6 b4 27. a5 Qf6 28. Qd2
Rcb8 29. Re3 Qf4 30. Rc1 Nf6 31. Rc4 Bc8 32. Qe1 Bd7 33. Nd2 h5 34. Ne2 Qh6 35.
Nc1 Qf8 36. Nf3 Rb5 37. Rxb4 Rxb4 38. Qxb4 Qc8 39. Ng5 Ncxe4 40. Nxe4 Nxe4 41.
Rxe4 Qxc1 42. Rc4 Qg5 43. h4 Qf5 44. Qb7 Re8 45. Qxa6 e4 46. Qxd6 Bb5 47. Rc1
e3 48. fxe3 Bxf1 49. Rxf1 Qd3 50. Rf3 Qxb3 51. Qd7 Rf8 52. d6 Qb4 53. Qe7 Qxa5
54. d7 Qd5 55. e4 Qd4+ 56. Kh2 1-0

[Event "Gibtelecom Masters 2nd"]
[Site "Gibraltar"]
[Date "2004.02.05"]
[Round "10.11"]
[White "Bakre, Tejas"]
[Black "Poluljahov, Aleks"]
[Result "1-0"]
[WhiteElo "2446"]
[BlackElo "2526"]
[PlyCount "83"]
[EventDate "2004.01.27"]
[EventType "swiss"]
[EventRounds "10"]
[EventCountry "GGB"]
[SourceTitle "BritBase"]
[Source "www.saund.co.uk"]
[SourceDate "2018.02.10"]
[SourceVersion "1"]
[SourceVersionDate "2018.02.10"]
[SourceQuality "1"]

1. e4 c5 2. Nf3 e6 3. d4 cxd4 4. Nxd4 a6 5. Bd3 Nf6 6. O-O Qc7 7. Qe2 d6 8. c4
g6 9. Nc3 Bg7 10. Nf3 Nc6 11. Bf4 Nd7 12. Rac1 Nde5 13. b3 O-O 14. Bb1 f5 15.
exf5 gxf5 16. Rfd1 Nxf3+ 17. Qxf3 e5 18. Be3 Be6 19. Qh5 Ne7 20. Bg5 Bf6 21.
Bh6 Bg7 22. Rd3 Bxh6 23. Qxh6 Ng6 24. Rcd1 Rad8 25. Qd2 Qg7 26. Rg3 Kh8 27. Qg5
e4 28. Ne2 Qe5 29. Qh6 Rg8 30. h4 Qg7 31. Qe3 Qf6 32. h5 Ne5 33. Qf4 Rgf8 34.
f3 exf3 35. gxf3 b5 36. cxb5 axb5 37. Kf2 Bc8 38. Nd4 Qf7 39. Nxb5 Qxh5 40.
Nxd6 Qh2+ 41. Ke3 Ng6 42. Nf7+ 1-0

[Event "Gibtelecom Masters 2nd"]
[Site "Gibraltar"]
[Date "2004.02.05"]
[Round "10.12"]
[White "Shaw, John K"]
[Black "Emms, John"]
[Result "0-1"]
[WhiteElo "2465"]
[BlackElo "2501"]
[PlyCount "104"]
[EventDate "2004.01.27"]
[EventType "swiss"]
[EventRounds "10"]
[EventCountry "GGB"]
[SourceTitle "BritBase"]
[Source "www.saund.co.uk"]
[SourceDate "2018.02.10"]
[SourceVersion "1"]
[SourceVersionDate "2018.02.10"]
[SourceQuality "1"]

1. e4 c5 2. Nf3 e6 3. c3 d5 4. exd5 Qxd5 5. d4 Nf6 6. Be3 cxd4 7. cxd4 Nc6 8.
Nc3 Qd6 9. a3 Be7 10. Qc2 O-O 11. Bd3 Bd7 12. O-O Rac8 13. Rad1 Rfd8 14. Rfe1
Be8 15. Bg5 h6 16. Bh4 Qc7 17. Qb3 Na5 18. Qa2 a6 19. d5 Nxd5 20. Nxd5 Rxd5 21.
Bxe7 Rxd3 22. Rxd3 Qxe7 23. Ne5 Qf6 24. Qb1 Nc6 25. Ng4 Qf4 26. Qd1 Ne7 27. Rd8
Qc7 28. Rxc8 Qxc8 29. Qd2 Nd5 30. Rc1 Qb8 31. Rc4 Bb5 32. Rd4 Kh7 33. Qc2+ Kg8
34. Qd2 Kh7 35. f4 Qc7 36. f5 Qc5 37. b4 Qc7 38. Nxh6 gxh6 39. Rh4 Qb6+ 40. Kh1
Qe3 41. Qxe3 Nxe3 42. fxe6 fxe6 43. Re4 Nc2 44. Rxe6 Bc6 45. h4 Nxa3 46. Kh2
Nc2 47. g4 Nxb4 48. Re7+ Kg8 49. Re6 a5 50. Rxh6 a4 51. Rd6 a3 52. Rd8+ Kg7 0-1

[Event "Gibtelecom Masters 2nd"]
[Site "Gibraltar"]
[Date "2004.02.05"]
[Round "10.13"]
[White "Howell, David"]
[Black "Sulskis, Sarunas"]
[Result "0-1"]
[WhiteElo "2304"]
[BlackElo "2582"]
[PlyCount "116"]
[EventDate "2004.01.27"]
[EventType "swiss"]
[EventRounds "10"]
[EventCountry "GGB"]
[SourceTitle "BritBase"]
[Source "www.saund.co.uk"]
[SourceDate "2018.02.10"]
[SourceVersion "1"]
[SourceVersionDate "2018.02.10"]
[SourceQuality "1"]

1. e4 d5 2. exd5 Qxd5 3. Nc3 Qa5 4. d4 Nf6 5. Nf3 Ne4 6. Bd2 Nxd2 7. Qxd2 e6 8.
g3 Bb4 9. a3 b6 10. Bg2 Bb7 11. O-O Bxc3 12. Qxc3 Qxc3 13. bxc3 Nc6 14. Nd2 Na5
15. a4 O-O-O 16. Nb3 Nc4 17. a5 Bxg2 18. Kxg2 b5 19. Rfe1 g5 20. a6 c6 21. Nc5
Kc7 22. Re4 h5 23. Re2 Rd5 24. Nd3 Rf5 25. h3 Kb6 26. Re4 Rd8 27. h4 Nd6 28.
Re5 gxh4 29. gxh4 Rg8+ 30. Kf1 Rg4 31. Rxf5 Nxf5 32. Ne5 Rxh4 33. Ke2 Rh3 34.
f3 Rh2+ 35. Kd3 Nd6 36. Rg1 Kxa6 37. Nxc6 Nc4 38. Ke4 Kb6 39. Nd8 Rh4+ 40. Kd3
Rf4 41. Rg7 Nd6 42. Ke3 Rf6 43. Rh7 Kc7 44. Nxf7 Rxf7 45. Rxh5 a5 46. Rc5+ Kb6
47. Re5 a4 48. Rxe6 Kc6 49. Rh6 a3 50. Rh1 Re7+ 51. Kf2 a2 52. Ra1 Ra7 53. Ke3
Kd5 54. Kd3 Ra8 55. c4+ Nxc4 56. c3 Nb6 57. f4 Ra3 58. Kc2 Na4 0-1

[Event "Gibtelecom Masters 2nd"]
[Site "Gibraltar"]
[Date "2004.02.05"]
[Round "10.14"]
[White "Gallagher, Joseph G"]
[Black "Arakhamia-Grant, Ketevan"]
[Result "1-0"]
[WhiteElo "2524"]
[BlackElo "2435"]
[PlyCount "143"]
[EventDate "2004.01.27"]
[EventType "swiss"]
[EventRounds "10"]
[EventCountry "GGB"]
[SourceTitle "BritBase"]
[Source "www.saund.co.uk"]
[SourceDate "2018.02.10"]
[SourceVersion "1"]
[SourceVersionDate "2018.02.10"]
[SourceQuality "1"]

1. e4 c5 2. Nf3 Nc6 3. c3 d5 4. exd5 Qxd5 5. d4 Nf6 6. Be3 Ng4 7. Nbd2 Nxe3 8.
fxe3 e6 9. Bd3 Be7 10. Qc2 Bd7 11. O-O Qh5 12. Ne4 cxd4 13. exd4 O-O 14. b4
Rac8 15. Qd2 f5 16. Nc5 Bxc5 17. bxc5 Rf6 18. Rab1 Nd8 19. Ne5 Be8 20. Rf3 Qh6
21. Qf2 Bc6 22. Rh3 Qg5 23. Rg3 Qh5 24. Nxc6 Rxc6 25. Qf4 Rc8 26. Bc4 Qf7 27.
Re3 h6 28. Rbe1 Kh7 29. Bb3 Qd7 30. Bxe6 Nxe6 31. Rxe6 Rf7 32. h3 Rcf8 33. Rd6
Qa4 34. Qd2 f4 35. Rf1 f3 36. Rxf3 Rxf3 37. gxf3 Rxf3 38. Qe2 Rf8 39. Re6 Kh8
40. Kg2 Qd7 41. Re3 b6 42. cxb6 axb6 43. Rf3 Qd5 44. c4 Qg5+ 45. Rg3 Qf5 46. a4
Qd7 47. d5 Qxa4 48. Rf3 Re8 49. Qd3 Qd7 50. Qg6 Qe7 51. d6 Qe1 52. Rf1 Qd2+ 53.
Rf2 Re2 54. Qe8+ Rxe8 55. Rxd2 Kg8 56. Rb2 Kf7 57. Rxb6 Rc8 58. Rb7+ Ke6 59.
Rxg7 Kxd6 60. Rg4 Ke5 61. Kf3 Rf8+ 62. Ke3 Rf1 63. Rh4 Rf6 64. Rh5+ Kd6 65. Ke4
Kc6 66. h4 Rg6 67. Kd4 Rg4+ 68. Kc3 Rg6 69. Kb4 Kb6 70. Rf5 Re6 71. h5 Kc6 72.
Rf7 1-0

[Event "Gibtelecom Masters 2nd"]
[Site "Gibraltar"]
[Date "2004.02.05"]
[Round "10.16"]
[White "Davies, Nigel"]
[Black "Vijayalakshmi, Subbaraman"]
[Result "1-0"]
[WhiteElo "2502"]
[BlackElo "2444"]
[PlyCount "71"]
[EventDate "2004.01.27"]
[EventType "swiss"]
[EventRounds "10"]
[EventCountry "GGB"]
[SourceTitle "BritBase"]
[Source "www.saund.co.uk"]
[SourceDate "2018.02.10"]
[SourceVersion "1"]
[SourceVersionDate "2018.02.10"]
[SourceQuality "1"]

1. Nf3 Nf6 2. g3 b6 3. Bg2 Bb7 4. O-O e6 5. c4 Be7 6. d4 O-O 7. Nc3 Na6 8. Bf4
Ne4 9. Nxe4 Bxe4 10. Qa4 Qc8 11. Rfd1 c5 12. d5 exd5 13. cxd5 Nb4 14. Ne1 Bxg2
15. Nxg2 d6 16. a3 Na6 17. Rac1 Qb7 18. Ne3 g5 19. Bxg5 Bxg5 20. Qg4 Qe7 21.
Nf5 Qf6 22. h4 h5 23. Qxg5+ Qxg5 24. hxg5 Rad8 25. e4 Rfe8 26. Re1 b5 27. b3 b4
28. a4 Nc7 29. Kg2 Kh7 30. f4 a5 31. Kf3 Kg6 32. Rh1 Rh8 33. g4 hxg4+ 34. Kxg4
f6 35. gxf6 Kxf6 36. Rxh8 1-0

[Event "Gibtelecom Masters 2nd"]
[Site "Gibraltar"]
[Date "2004.02.05"]
[Round "10.17"]
[White "Beshukov, Sergei"]
[Black "McNab, Colin"]
[Result "0-1"]
[WhiteElo "2499"]
[BlackElo "2388"]
[PlyCount "54"]
[EventDate "2004.01.27"]
[EventType "swiss"]
[EventRounds "10"]
[EventCountry "GGB"]
[SourceTitle "BritBase"]
[Source "www.saund.co.uk"]
[SourceDate "2018.02.10"]
[SourceVersion "1"]
[SourceVersionDate "2018.02.10"]
[SourceQuality "1"]

1. e4 g6 2. d4 d6 3. Nc3 Bg7 4. Be3 Nf6 5. Qd2 c6 6. Nf3 Nbd7 7. h3 Qc7 8. Bh6
Bxh6 9. Qxh6 b5 10. Bd3 b4 11. Nd1 c5 12. O-O c4 13. e5 dxe5 14. dxe5 cxd3 15.
exf6 Nxf6 16. cxd3 Bb7 17. Ng5 Qe5 18. Ne3 Nh5 19. Rfe1 Qf4 20. Ng4 Rc8 21. a3
Qd4 22. Re3 Qd5 23. f3 Qd4 24. Nxh7 Kd8 25. Rae1 Ng3 26. Ne5 Nf5 27. Nxf7+ Kc7
0-1

[Event "Gibtelecom Masters 2nd"]
[Site "Gibraltar"]
[Date "2004.02.05"]
[Round "10.18"]
[White "Cramling, Pia"]
[Black "Swathi, Ghate"]
[Result "1-0"]
[WhiteElo "2488"]
[BlackElo "2297"]
[PlyCount "99"]
[EventDate "2004.01.27"]
[EventType "swiss"]
[EventRounds "10"]
[EventCountry "GGB"]
[SourceTitle "BritBase"]
[Source "www.saund.co.uk"]
[SourceDate "2018.02.10"]
[SourceVersion "1"]
[SourceVersionDate "2018.02.10"]
[SourceQuality "1"]

1. d4 d5 2. Nf3 c6 3. c4 e6 4. Nbd2 f5 5. g3 Nf6 6. Bg2 Bd6 7. Qc2 O-O 8. O-O
b6 9. Ne5 Bb7 10. cxd5 cxd5 11. Ndf3 Nbd7 12. Bf4 Qe7 13. Rfc1 Rfc8 14. Qa4 a6
15. Nd3 Bxf4 16. Nxf4 Ne4 17. Nd3 Nd6 18. Qa3 Qf8 19. Nf4 Nc4 20. Qxf8+ Nxf8
21. Ng5 Nxb2 22. Ngxe6 Nxe6 23. Nxe6 Rc4 24. Rab1 Rac8 25. Rxc4 Nxc4 26. Nc5
Ba8 27. Nxa6 Kf7 28. e3 Nd2 29. Rd1 Ne4 30. Nb4 Rc4 31. a3 Rc3 32. Ra1 Ke6 33.
Ra2 Kd6 34. Bf1 Rb3 35. Nd3 Bc6 36. Rb2 Ba4 37. Rxb3 Bxb3 38. Ne5 Bc2 39. Bd3
Bxd3 40. Nxd3 Nd2 41. Nb4 Nc4 42. Nc2 Kc6 43. Kg2 Kb5 44. Kf3 Ka4 45. Nb4 Kxa3
46. Nxd5 b5 47. Kf4 g6 48. Kg5 b4 49. Kh6 Nd6 50. h4 1-0

[Event "Gibtelecom Masters 2nd"]
[Site "Gibraltar"]
[Date "2004.02.05"]
[Round "10.20"]
[White "Seel, Christian"]
[Black "Al Sayed, Mohamad Naser"]
[Result "1/2-1/2"]
[WhiteElo "2380"]
[BlackElo "2446"]
[PlyCount "36"]
[EventDate "2004.01.27"]
[EventType "swiss"]
[EventRounds "10"]
[EventCountry "GGB"]
[SourceTitle "BritBase"]
[Source "www.saund.co.uk"]
[SourceDate "2018.02.10"]
[SourceVersion "1"]
[SourceVersionDate "2018.02.10"]
[SourceQuality "1"]

1. Nf3 d5 2. d4 Nf6 3. c4 c6 4. e3 Bg4 5. Qb3 Qb6 6. Qxb6 axb6 7. Ne5 Bf5 8.
cxd5 Nxd5 9. Bd3 Bxd3 10. Nxd3 Na6 11. Bd2 e6 12. Ke2 Nab4 13. Nxb4 Bxb4 14.
Bxb4 Nxb4 15. Nc3 Nd5 16. Rhc1 Kd7 17. a3 Ra5 18. Nxd5 exd5 1/2-1/2

[Event "Gibtelecom Masters 2nd"]
[Site "Gibraltar"]
[Date "2004.02.05"]
[Round "10.21"]
[White "Houska, Jovanka"]
[Black "Pogorelov, Ruslan"]
[Result "1-0"]
[WhiteElo "2370"]
[BlackElo "2451"]
[PlyCount "151"]
[EventDate "2004.01.27"]
[EventType "swiss"]
[EventRounds "10"]
[EventCountry "GGB"]
[SourceTitle "BritBase"]
[Source "www.saund.co.uk"]
[SourceDate "2018.02.10"]
[SourceVersion "1"]
[SourceVersionDate "2018.02.10"]
[SourceQuality "1"]

1. e4 e6 2. d4 d5 3. e5 c5 4. c3 Nc6 5. Nf3 Bd7 6. Be2 Nge7 7. Na3 cxd4 8. cxd4
Nf5 9. Nc2 Nb4 10. Ne3 Nxe3 11. Bxe3 Rc8 12. O-O Be7 13. Ne1 O-O 14. a3 Nc6 15.
b4 f6 16. f4 Be8 17. Bd3 fxe5 18. fxe5 Rxf1+ 19. Kxf1 Bg6 20. Bxg6 hxg6 21. Kg1
Qf8 22. Rc1 a6 23. Nd3 Qf5 24. Qd2 Rf8 25. a4 g5 26. h3 a5 27. b5 Nb4 28. Nxb4
Bxb4 29. Qc2 g4 30. Qxf5 Rxf5 31. hxg4 Rf7 32. Kh2 Kh7 33. b6 Kg6 34. Kg3 Rf8
35. Rc7 Be1+ 36. Kh2 Rf7 37. g5 Bb4 38. Kg3 Ba3 39. Kg4 Bb4 40. Bc1 Rf1 41.
Rxb7 Rxc1 42. Rxg7+ Kxg7 43. b7 Rc4 44. b8=Q Rxd4+ 45. Kh5 Rf4 46. Qe8 Rf7 47.
Qxe6 d4 48. g6 Re7 49. Qf6+ Kg8 50. g7 Rxg7 51. Qd8+ Kf7 52. Qxd4 Ke6 53. g4
Rd7 54. Qf4 Kd5 55. Kg6 Re7 56. Kf6 Re8 57. Qf3+ Kd4 58. Qd1+ Ke4 59. Qe2+ Kf4
60. Qc4+ Ke3 61. e6 Rf8+ 62. Ke5 Rg8 63. Qf4+ Kd3 64. g5 Kc3 65. Qf3+ Kb2 66.
Qe2+ Ka3 67. Kf6 Rf8+ 68. Kg7 Kxa4 69. g6 Re8 70. Kh7 Kb3 71. g7 Re7 72. Kg6
Re8 73. Kf7 Re7+ 74. Kf6 Re8 75. Qf3+ Bc3+ 76. Kf7 1-0

[Event "Gibtelecom Masters 2nd"]
[Site "Gibraltar"]
[Date "2004.02.05"]
[Round "10.22"]
[White "Womacka, Mathias"]
[Black "Mohota, Nisha"]
[Result "1-0"]
[WhiteElo "2447"]
[BlackElo "2337"]
[PlyCount "95"]
[EventDate "2004.01.27"]
[EventType "swiss"]
[EventRounds "10"]
[EventCountry "GGB"]
[SourceTitle "BritBase"]
[Source "www.saund.co.uk"]
[SourceDate "2018.02.10"]
[SourceVersion "1"]
[SourceVersionDate "2018.02.10"]
[SourceQuality "1"]

1. e4 c5 2. Nf3 d6 3. d4 cxd4 4. Nxd4 Nf6 5. Nc3 a6 6. Be2 e5 7. Nb3 Be7 8. O-O
O-O 9. Kh1 b6 10. a4 Bb7 11. f3 Nc6 12. Bg5 Nb4 13. Nb1 Rc8 14. Na3 h6 15. Bxf6
Bxf6 16. c3 Nc6 17. Nc4 Be7 18. Qd3 b5 19. Ne3 bxa4 20. Rxa4 Bg5 21. Nc4 Be7
22. Rd1 Qc7 23. Ne3 Nb8 24. Na5 Nd7 25. Nxb7 Qxb7 26. b4 Nb8 27. Rda1 Rc6 28.
Nd5 Bg5 29. g3 Re8 30. h4 Bd8 31. Kg2 Rf8 32. h5 Qc8 33. R4a2 Kh8 34. Qc2 Bg5
35. Bd3 Bd8 36. Ra3 g6 37. Rh1 Kg7 38. Qe2 Qb7 39. hxg6 fxg6 40. Rha1 Rf7 41.
Bxa6 Nxa6 42. Rxa6 Rxa6 43. Qxa6 Qd7 44. b5 h5 45. Qc6 Qe6 46. b6 h4 47. Ra7
h3+ 48. Kh2 1-0

[Event "Gibtelecom Masters 2nd"]
[Site "Gibraltar"]
[Date "2004.02.05"]
[Round "10.23"]
[White "Fossum, Oystein Boyum"]
[Black "Bellon Lopez, Juan Manuel"]
[Result "0-1"]
[WhiteElo "2126"]
[BlackElo "2429"]
[PlyCount "114"]
[EventDate "2004.01.27"]
[EventType "swiss"]
[EventRounds "10"]
[EventCountry "GGB"]
[SourceTitle "BritBase"]
[Source "www.saund.co.uk"]
[SourceDate "2018.02.10"]
[SourceVersion "1"]
[SourceVersionDate "2018.02.10"]
[SourceQuality "1"]

1. Nf3 c5 2. c4 g6 3. d4 Bg7 4. Nc3 cxd4 5. Nxd4 Nc6 6. Nxc6 bxc6 7. e4 d6 8.
Be2 Nf6 9. Be3 O-O 10. O-O Nd7 11. Qd2 f5 12. exf5 gxf5 13. f4 Qa5 14. Bf3 Bb7
15. Rab1 Qb4 16. Rfc1 Rad8 17. a3 Qb3 18. Qd1 Qxd1+ 19. Nxd1 e5 20. Nc3 e4 21.
Be2 a5 22. Rd1 Nc5 23. Bf1 Nb3 24. Ne2 c5 25. Nc1 Nd4 26. Rd2 Bc6 27. b4 Ba4
28. bxc5 dxc5 29. Ne2 Bc2 30. Rb7 Bd3 31. Nc1 Bxf1 32. Kxf1 a4 33. Ne2 Nb3 34.
Rdd7 Rxd7 35. Rxd7 Bb2 36. Ra7 Rd8 37. Rxa4 Rd3 38. Kf2 Bd4 39. Bxd4 cxd4 40.
c5 Rd2 41. c6 d3 42. c7 Rxe2+ 43. Kf1 Rc2 44. Ra8+ Kf7 45. c8=Q Rxc8 46. Rxc8
Nd4 47. Ke1 e3 48. Kd1 e2+ 49. Kd2 Nc2 50. Rc7+ Ke6 51. Kxd3 e1=Q 52. Kxc2 Qf2+
53. Kc3 Qe3+ 54. Kc2 Qxa3 55. g3 h5 56. Rc3 Qa2+ 57. Kc1 Qxh2 0-1